[Event "Mukachevo Summer op"]
[Site "Mukachevo"]
[Date "2011.06.24"]
[Round "7"]
[White "Bogdanovich, Stanislav"]
[Black "Luzhinsky, Vitaly"]
[Result "1-0"]
[WhiteElo "2503"]
[BlackElo "2362"]
[PlyCount "55"]
[EventDate "2011.06.21"]
[EventType "swiss"]
[EventRounds "9"]
[EventCountry "UKR"]
[SourceTitle "CBM 143 Extra"]
[Source "ChessBase"]
[SourceDate "2011.08.29"]
[SourceVersion "1"]
[SourceVersionDate "2011.08.29"]
[SourceQuality "1"]

1. e4 c5 2. Nf3 d6 3. d4 cxd4 4. Nxd4 Nf6 5. Nc3 a6 6. h3 e5 7. Nb3 Be6 8. Be3 Be7 9. Qf3 0-0 10. 0-0-0 Qc7 11. g4 Rc8 12. Qg2 a5 13. a4 Na6 14. f4 Nb4 15. Kb1 exf4 16. Bxf4 Qb6 17. Bb5 Bc4 18. Nd4 Bf8 19. Rhe1 d5 20. e5 Ne4 21. Nxe4 dxe4 22. Qxe4 Ba2+ 23. Ka1 Bd5 24. Qe2 Qg6 25. c3 Na6 26. Nf5 Bb3 27. Rd6 Be6 28. Nh4 1-0

[Event "Mukachevo Summer op"]
[Site "Mukachevo"]
[Date "2011.06.23"]
[Round "5"]
[White "Nosenko, Alexander"]
[Black "Luzhinsky, Vitaly"]
[Result "1/2-1/2"]
[WhiteElo "2522"]
[BlackElo "2362"]
[PlyCount "89"]
[EventDate "2011.06.21"]
[EventType "swiss"]
[EventRounds "9"]
[EventCountry "UKR"]
[SourceTitle "CBM 143 Extra"]
[Source "ChessBase"]
[SourceDate "2011.08.29"]
[SourceVersion "1"]
[SourceVersionDate "2011.08.29"]
[SourceQuality "1"]

1. d4 Nf6 2. c4 g6 3. Nc3 Bg7 4. e4 d6 5. Bd3 0-0 6. Nge2 a6 7. 0-0 Nbd7 8. Ng3 c5 9. d5 b5 10. cxb5 axb5 11. Bxb5 Ba6 12. Bxa6 Rxa6 13. Re1 Qa8 14. Bg5 Rb8 15. Re2 Rab6 16. b3 c4 17. bxc4 Rb4 18. Rc1 Rxc4 19. Rec2 h6 20. Be3 h5 21. f3 Ne5 22. Nf1 Rcb4 23. Rb1 Nc4 24. Rxb4 Rxb4 25. Bf2 Nd7 26. Ne2 Qa4 27. Ne3 Kh7 28. Nxc4 Rxc4 29. Rd2 Qxd1+ 30. Rxd1 Rc2 31. Nd4 Rxa2 32. Nc6 Bf8 33. Bd4 Rc2 34. Rb1 Nc5 35. g3 e6 36. Nd8 exd5 37. Nxf7 Ne6 38. Bf6 Kg8 39. Ng5 Nxg5 40. Bxg5 dxe4 41. fxe4 Re2 42. Rb4 Kf7 43. h4 Ke6 44. Kf1 Ra2 45. Bf4 1/2-1/2

[Event "UKR-ch sf"]
[Site "Alushta"]
[Date "2011.05.07"]
[Round "5"]
[White "Firman, Nazar"]
[Black "Luzhinsky, Vitaly"]
[Result "1/2-1/2"]
[WhiteElo "2542"]
[BlackElo "2362"]
[PlyCount "127"]
[EventDate "2011.05.03"]
[EventType "swiss"]
[EventRounds "9"]
[EventCountry "UKR"]
[SourceTitle "CBM 142 Extra"]
[Source "ChessBase"]
[SourceDate "2011.06.27"]
[SourceVersion "1"]
[SourceVersionDate "2011.06.27"]
[SourceQuality "1"]

1. e4 c5 2. Nf3 d6 3. c3 Nf6 4. Bd3 Nc6 5. 0-0 Bg4 6. Re1 e6 7. h3 Bh5 8. Bf1 Be7 9. d3 d5 10. e5 Nd7 11. Bf4 0-0 12. Nbd2 b5 13. c4 bxc4 14. dxc4 Nb6 15. Rc1 dxc4 16. g4 Bg6 17. Nxc4 Nxc4 18. Bxc4 Qb6 19. Qa4 Rfd8 20. Rcd1 Nb4 21. Rxd8+ Rxd8 22. Rd1 h5 23. Rd7 Rxd7 24. Qxd7 Qc6 25. Qxc6 Nxc6 26. Nd2 hxg4 27. hxg4 Nb4 28. f3 Nd3 29. Bxd3 Bxd3 30. b3 Kf8 31. Kf2 Ke8 32. Ke3 Ba6 33. Nc4 Bxc4 34. bxc4 Kd7 35. Ke4 Kc6 36. Bd2 Bh4 37. Ba5 Bf2 38. Bd8 Bd4 39. Be7 Bg1 40. Bf8 g6 41. Be7 Kd7 42. Bg5 Kc6 43. Bh4 Bd4 44. Be1 Bg1 45. Bc3 Bf2 46. Bd2 Bd4 47. Kf4 Kd7 48. Be3 Bxe3+ 49. Kxe3 Ke7 50. Kf4 Ke8 51. Kg5 Ke7 52. Kh6 Ke8 53. Kh7 Ke7 54. Kg7 Ke8 55. Kf6 Kf8 56. f4 Ke8 57. Kg5 Kd7 58. f5 gxf5 59. gxf5 exf5 60. Kxf5 Ke7 61. Kf4 Kd7 62. Kg5 Ke6 63. Kf4 f6 64. exf6 1/2-1/2

[Event "UKR-chT 17th"]
[Site "Alushta"]
[Date "2010.05.18"]
[Round "8.4"]
[White "Luzhinsky, Vitaly"]
[Black "Kharchenko, Boris"]
[Result "1-0"]
[WhiteElo "2372"]
[BlackElo "2448"]
[PlyCount "85"]
[EventDate "2010.05.13"]
[EventType "team-tourn"]
[EventRounds "11"]
[EventCountry "UKR"]
[SourceTitle "EXT 2019"]
[Source "ChessBase"]
[SourceDate "2018.10.10"]
[SourceVersion "1"]
[SourceVersionDate "2018.10.10"]
[SourceQuality "1"]
[WhiteTeam "Cherkasy Etiud"]
[BlackTeam "Luhansk LugPokerChess"]
[WhiteTeamCountry "UKR"]
[BlackTeamCountry "UKR"]

1. d4 d5 2. c4 c6 3. Nc3 Nf6 4. e3 a6 5. Nf3 b5 6. c5 Bg4 7. h3 Bxf3 8. gxf3 Nbd7 9. f4 g6 10. Bd3 Bg7 11. Bd2 a5 12. f5 Qc7 13. Qc2 e5 14. fxe6 fxe6 15. f4 Nh5 16. Ne2 Bf6 17. 0-0-0 Kf7 18. Rdg1 Qd8 19. Kb1 Qe7 20. Rg4 Rhg8 21. e4 dxe4 22. Bxe4 Ra6 23. a4 Bh8 24. axb5 cxb5 25. Rg5 Nhf6 26. Bb7 Ra7 27. c6 Nd5 28. Rxd5 exd5 29. Nc3 Rxb7 30. Re1 Qd6 31. cxb7 Rb8 32. Nxb5 Qb6 33. Qb3 Rxb7 34. Qxd5+ Kf8 35. Re8+ Kxe8 36. Nd6+ Qxd6 37. Qxd6 Rb6 38. Qd5 Bg7 39. Bxa5 Rf6 40. Bc7 Bf8 41. Be5 Rb6 42. Qa8+ Kf7 43. Qc8 1-0

[Event "UKR-chT 17th"]
[Site "Alushta"]
[Date "2010.05.18"]
[Round "9.5"]
[White "Sevostianov, Pavel"]
[Black "Luzhinsky, Vitaly"]
[Result "0-1"]
[WhiteElo "2245"]
[BlackElo "2372"]
[PlyCount "112"]
[EventDate "2010.05.13"]
[EventType "team-tourn"]
[EventRounds "11"]
[EventCountry "UKR"]
[SourceTitle "EXT 2019"]
[Source "ChessBase"]
[SourceDate "2018.10.10"]
[SourceVersion "1"]
[SourceVersionDate "2018.10.10"]
[SourceQuality "1"]
[WhiteTeam "Kerkinitida Eupatoria"]
[BlackTeam "Cherkasy Etiud"]
[WhiteTeamCountry "UKR"]
[BlackTeamCountry "UKR"]

1. d4 Nf6 2. c4 e6 3. Nc3 Bb4 4. a3 Bxc3+ 5. bxc3 0-0 6. e3 b6 7. Bd3 Bb7 8. f3 c5 9. Ne2 Nc6 10. 0-0 e5 11. d5 Na5 12. Ng3 Ba6 13. f4 e4 14. Nxe4 Nxe4 15. Bxe4 Bxc4 16. Rf3 f5 17. Bc2 Qf6 18. g4 g6 19. Rg3 Kh8 20. Rb1 Rae8 21. Rb2 Nb7 22. g5 Qf7 23. Bb1 Nd6 24. h4 Ne4 25. Rh3 Qxd5 26. Qe1 Kg8 27. h5 Kf7 28. hxg6+ hxg6 29. Rh7+ Ke6 30. Rh6 Rg8 31. Bc2 Bd3 32. Bb3 c4 33. Bd1 Kd6 34. a4 Kc7 35. Rb5 Qc6 36. Ba3 Re6 37. Bf3 a6 38. Rb4 Rge8 39. a5 bxa5 40. Rb2 Rb8 41. Rxb8 Kxb8 42. Rh2 Kc7 43. Bf8 Qb7 44. Qa1 Qb1+ 45. Qxb1 Bxb1 46. Bxe4 Bxe4 47. Rb2 Rb6 48. Ra2 Rb1+ 49. Kf2 Kb6 50. Be7 Kb5 51. Bd8 a4 52. Bf6 Rb3 53. Be7 Rxc3 54. Ke2 Rb3 55. Ba3 c3 56. Bc1 Kb4 0-1

[Event "UKR-chT 17th"]
[Site "Alushta"]
[Date "2010.05.14"]
[Round "2.4"]
[White "Luzhinsky, Vitaly"]
[Black "Brusilovskiy, Boris"]
[Result "0-1"]
[WhiteElo "2372"]
[BlackElo "2097"]
[PlyCount "92"]
[EventDate "2010.05.13"]
[EventType "team-tourn"]
[EventRounds "11"]
[EventCountry "UKR"]
[SourceTitle "EXT 2019"]
[Source "ChessBase"]
[SourceDate "2018.10.10"]
[SourceVersion "1"]
[SourceVersionDate "2018.10.10"]
[SourceQuality "1"]
[WhiteTeam "Cherkasy Etiud"]
[BlackTeam "Simferopol Tavriya"]
[WhiteTeamCountry "UKR"]
[BlackTeamCountry "UKR"]

1. Nf3 Nf6 2. c4 c5 3. Nc3 d5 4. cxd5 Nxd5 5. d4 Nxc3 6. bxc3 cxd4 7. cxd4 e5 8. dxe5 Qxd1+ 9. Kxd1 Bc5 10. e3 0-0 11. Bd3 Nc6 12. Bb2 Be6 13. Rc1 Nb4 14. Bc4 b6 15. Bxe6 fxe6 16. Ke2 Nxa2 17. Rc4 Rfc8 18. Ra1 Nb4 19. Rac1 Na2 20. Ra1 Nb4 21. Rcc1 a5 22. Ng5 Rc6 23. Ne4 Rac8 24. f4 Nd5 25. Nxc5 Rxc5 26. Rxc5 Rxc5 27. Bd4 Rc7 28. Kf3 Rc6 29. Ke4 Nb4 30. f5 exf5+ 31. Kxf5 Kf7 32. Ke4 Ke6 33. Rf1 a4 34. Rf8 a3 35. Re8+ Kf7 36. Ra8 a2 37. Kf5 g6+ 38. Kg5 b5 39. h4 Ra6 40. Rb8 Ra5 41. Rb6 a1Q 42. e6+ Ke8 43. Bxa1 Rxa1 44. Rxb5 Nc2 45. Kf6 Rf1+ 46. Ke5 Rf5+ 0-1

[Event "UKR-chT qual. group 1 16th"]
[Site "Alushta"]
[Date "2009.05.24"]
[Round "4"]
[White "Areshchenko, Alexander"]
[Black "Luzhinsky, Vitaly"]
[Result "1-0"]
[WhiteElo "2657"]
[BlackElo "2298"]
[PlyCount "61"]
[EventDate "2009.05.21"]
[EventType "team-tourn"]
[EventRounds "4"]
[EventCountry "UKR"]
[SourceTitle "EXT 2019"]
[Source "ChessBase"]
[SourceDate "2018.10.10"]
[SourceVersion "1"]
[SourceVersionDate "2018.10.10"]
[SourceQuality "1"]
[WhiteTeam "Kiev Kievchess"]
[BlackTeam "Cherkasy Etiud"]
[WhiteTeamCountry "UKR"]
[BlackTeamCountry "UKR"]

1. e4 c5 2. Nf3 e6 3. d4 cxd4 4. Nxd4 a6 5. Nc3 b5 6. Bd3 Bb7 7. 0-0 Nc6 8. Nxc6 Bxc6 9. Re1 Bc5 10. e5 f5 11. Qh5+ g6 12. Qh3 h5 13. a4 b4 14. Ne2 h4 15. Be3 Bxe3 16. Qxe3 h3 17. g3 Nh6 18. Nd4 Bb7 19. Be2 Nf7 20. Rad1 Qc7 21. f4 Rc8 22. Rd2 Qc5 23. Kf2 Ke7 24. Red1 Rhd8 25. g4 g5 26. gxf5 gxf4 27. f6+ Ke8 28. Qxf4 Qxe5 29. Qxe5 Nxe5 30. Bh5+ Kf8 31. Nxe6+ 1-0

[Event "UKR-ch"]
[Site "Alushta"]
[Date "2009.05.17"]
[Round "7"]
[White "Kharchenko, Boris"]
[Black "Luzhinsky, Vitaly"]
[Result "0-1"]
[WhiteElo "2474"]
[BlackElo "2298"]
[PlyCount "104"]
[EventDate "2009.05.11"]
[EventType "swiss"]
[EventRounds "9"]
[EventCountry "UKR"]
[SourceTitle "CBM 130 Extra"]
[Source "ChessBase"]
[SourceDate "2009.07.02"]
[SourceVersion "2"]
[SourceVersionDate "2009.07.15"]
[SourceQuality "1"]

1. e4 g6 2. d4 Bg7 3. Nc3 c6 4. Nf3 d6 5. Be3 Nf6 6. Qd2 Qa5 7. h3 Nbd7 8. Bd3 0-0 9. 0-0 e5 10. a4 Re8 11. Rfe1 exd4 12. Nxd4 Nc5 13. Bf1 Qc7 14. f3 Bd7 15. Qf2 b6 16. Rad1 Rad8 17. Qh4 Bc8 18. Bg5 Ncd7 19. Bh6 Bh8 20. Nf5 Nf8 21. Nxd6 Rxd6 22. Bf4 Red8 23. Rxd6 Rxd6 24. Bxd6 Qxd6 25. e5 Qc5+ 26. Qf2 Qxf2+ 27. Kxf2 Nd5 28. Nxd5 cxd5 29. f4 Ne6 30. g3 Nc5 31. Bg2 Bg7 32. b3 Bf8 33. g4 Ne6 34. Kg3 d4 35. Bd5 g5 36. f5 Nf4 37. Bc4 Bc5 38. h4 h6 39. hxg5 hxg5 40. Rd1 a5 41. Rf1 Bb7 42. Rxf4 gxf4+ 43. Kxf4 Bb4 44. g5 Bd2+ 45. Kg4 Kf8 46. g6 fxg6 47. f6 Be4 48. e6 Bb4 49. Bd3 Bxd3 50. cxd3 Bd2 51. Kh4 Bh6 52. Kg4 Ke8 0-1

[Event "UKR-ch"]
[Site "Alushta"]
[Date "2009.05.16"]
[Round "6"]
[White "Luzhinsky, Vitaly"]
[Black "Andreev, Volodymyr"]
[Result "1-0"]
[WhiteElo "2298"]
[BlackElo "1950"]
[PlyCount "73"]
[EventDate "2009.05.11"]
[EventType "swiss"]
[EventRounds "9"]
[EventCountry "UKR"]
[SourceTitle "CBM 130 Extra"]
[Source "ChessBase"]
[SourceDate "2009.07.02"]
[SourceVersion "2"]
[SourceVersionDate "2009.07.15"]
[SourceQuality "1"]

1. d4 Nf6 2. c4 g6 3. Nc3 Bg7 4. e4 d6 5. f3 0-0 6. Bg5 h6 7. Be3 e5 8. d5 c5 9. Qd2 Kh7 10. Bd3 a6 11. Nge2 Ng8 12. g4 b5 13. cxb5 axb5 14. Nxb5 Na6 15. Nbc3 Nb4 16. Bb1 f5 17. exf5 gxf5 18. Ng3 Ne7 19. 0-0 c4 20. Nh5 Ng8 21. Rf2 Kh8 22. Nxg7 Kxg7 23. gxf5 Bxf5 24. Ne4 Rb8 25. Kh1 Qh4 26. a3 Nd3 27. Bxd3 cxd3 28. Nxd6 e4 29. Qc3+ Kg6 30. Rg2+ Kh5 31. fxe4 Bg4 32. Qe5+ Kg6 33. Nf5 Qh3 34. Qg7+ Kh5 35. Ng3+ Kh4 36. Bg5+ hxg5 37. Qh7+ 1-0

[Event "UKR-ch"]
[Site "Alushta"]
[Date "2009.05.14"]
[Round "4"]
[White "Luzhinsky, Vitaly"]
[Black "Iakymov, Volodymyr"]
[Result "0-1"]
[WhiteElo "2298"]
[BlackElo "2453"]
[PlyCount "70"]
[EventDate "2009.05.11"]
[EventType "swiss"]
[EventRounds "9"]
[EventCountry "UKR"]
[SourceTitle "CBM 130 Extra"]
[Source "ChessBase"]
[SourceDate "2009.07.02"]
[SourceVersion "2"]
[SourceVersionDate "2009.07.15"]
[SourceQuality "1"]

1. d4 d5 2. c4 Nc6 3. Nc3 e6 4. Nf3 Bb4 5. e3 Nf6 6. a3 Bxc3+ 7. bxc3 0-0 8. Bd3 Na5 9. cxd5 exd5 10. Ne5 c5 11. 0-0 c4 12. Bc2 Ne4 13. f3 Nxc3 14. Qe1 Nb5 15. a4 Nd6 16. Ba3 b6 17. Qb4 Nab7 18. e4 Be6 19. Rae1 Re8 20. Qb1 g6 21. Nc6 Qc7 22. Nb4 a5 23. Na2 c3 24. Rd1 dxe4 25. fxe4 Nxe4 26. d5 Bf5 27. g4 Bxg4 28. Bxe4 Bxd1 29. Rxd1 Qc4 30. Re1 c2 31. Bxc2 Rxe1+ 32. Qxe1 Qxc2 33. Nc3 Nc5 34. Bxc5 bxc5 35. Ne4 Rb8 0-1

[Event "Chervonograd IM-B"]
[Site "Chervonograd"]
[Date "2008.11.08"]
[Round "12"]
[White "Luzhinsky, Vitaly"]
[Black "Stetsko, Lanita"]
[Result "1-0"]
[WhiteElo "2329"]
[BlackElo "2042"]
[PlyCount "101"]
[EventDate "2008.11.01"]
[EventType "tourn"]
[EventRounds "15"]
[EventCountry "UKR"]
[EventCategory "3"]
[SourceTitle "EXT 2009"]
[Source "ChessBase"]
[SourceDate "2008.11.26"]
[SourceVersion "1"]
[SourceVersionDate "2008.11.26"]
[SourceQuality "1"]

1. d4 d5 2. c4 c6 3. Nc3 Nf6 4. e3 g6 5. Nf3 Bg7 6. h3 0-0 7. Bd3 a6 8. 0-0 b5 9. c5 a5 10. a3 Nbd7 11. e4 dxe4 12. Nxe4 Nxe4 13. Bxe4 Qc7 14. Re1 Nf6 15. Bc2 Be6 16. Bg5 Rfc8 17. Rxe6 fxe6 18. Qe2 Kh8 19. Qxe6 Nd5 20. Re1 Bf6 21. Bd2 Rf8 22. h4 Rae8 23. h5 Qc8 24. hxg6 Qxe6 25. Rxe6 hxg6 26. Rxc6 Kg7 27. Bxa5 Nf4 28. Kf1 Rh8 29. g3 Rh1+ 30. Ng1 Nh3 31. Kg2 Rxg1+ 32. Kxh3 Rh8+ 33. Kg4 Rh4+ 34. Kf3 Rxd4 35. Be4 g5 36. g4 Rxg4 37. Kxg4 Rxe4+ 38. Kf3 Rf4+ 39. Ke2 Bxb2 40. Bb4 g4 41. Rc7 Bd4 42. Rxe7+ Kf6 43. c6 Rxf2+ 44. Kd3 Bb6 45. Rb7 Rf3+ 46. Ke2 Rf2+ 47. Ke1 Rc2 48. Rxb6 g3 49. Kf1 g2+ 50. Kg1 Ke5 51. Rxb5+ 1-0

[Event "Chervonograd IM-B"]
[Site "Chervonograd"]
[Date "2008.11.07"]
[Round "11"]
[White "Chulivska, Vita"]
[Black "Luzhinsky, Vitaly"]
[Result "1-0"]
[WhiteElo "2248"]
[BlackElo "2329"]
[PlyCount "65"]
[EventDate "2008.11.01"]
[EventType "tourn"]
[EventRounds "15"]
[EventCountry "UKR"]
[EventCategory "3"]
[SourceTitle "EXT 2009"]
[Source "ChessBase"]
[SourceDate "2008.11.26"]
[SourceVersion "1"]
[SourceVersionDate "2008.11.26"]
[SourceQuality "1"]

1. e4 c5 2. Nf3 d6 3. d4 cxd4 4. Nxd4 Nf6 5. Nc3 a6 6. Be3 e6 7. Qd2 b5 8. f3 Nbd7 9. g4 h6 10. 0-0-0 b4 11. Na4 Ne5 12. Qxb4 Bd7 13. Nb3 Rb8 14. Nb6 Nc6 15. Qa3 Rxb6 16. Bxb6 Qxb6 17. Qxa6 Qxa6 18. Bxa6 Nb4 19. Bb7 Nxa2+ 20. Kb1 Nb4 21. Na5 Be7 22. c3 0-0 23. cxb4 Rb8 24. Bc6 Bc8 25. b5 d5 26. exd5 exd5 27. Nb3 Kf8 28. h4 Ne8 29. Rxd5 Nc7 30. Re5 Ne6 31. Re4 g6 32. h5 gxh5 33. Rxh5 1-0

[Event "Chervonograd IM-B"]
[Site "Chervonograd"]
[Date "2008.11.06"]
[Round "8"]
[White "Luzhinsky, Vitaly"]
[Black "Sevostianov, Pavel"]
[Result "1/2-1/2"]
[WhiteElo "2329"]
[BlackElo "2284"]
[PlyCount "116"]
[EventDate "2008.11.01"]
[EventType "tourn"]
[EventRounds "15"]
[EventCountry "UKR"]
[EventCategory "3"]
[SourceTitle "EXT 2009"]
[Source "ChessBase"]
[SourceDate "2008.11.26"]
[SourceVersion "1"]
[SourceVersionDate "2008.11.26"]
[SourceQuality "1"]

1. d4 Nc6 2. Nf3 d6 3. c4 e5 4. d5 Nce7 5. e4 g6 6. c5 Bh6 7. cxd6 cxd6 8. Nc3 Bxc1 9. Rxc1 Nf6 10. Nd2 0-0 11. Be2 Bd7 12. Qb3 Qb8 13. 0-0 Rc8 14. f4 exf4 15. Rxf4 Kg7 16. Rcf1 Neg8 17. Qb4 a5 18. Qd4 Qa7 19. Qxa7 Rxa7 20. Nc4 Ra6 21. a4 Re8 22. Bd3 Re7 23. h3 h5 24. Nb5 Ne8 25. e5 dxe5 26. Nxe5 Rf6 27. Nc4 Bxb5 28. axb5 a4 29. Rd4 Rd7 30. Rxf6 Ngxf6 31. d6 Rd8 32. Bc2 Nd7 33. Bxa4 Ra8 34. Bd1 Ra1 35. Kh2 Nef6 36. b6 Rb1 37. Bf3 Nc5 38. Rd1 Rxd1 39. Bxd1 Ne6 40. Bf3 Nd8 41. Na5 Nd7 42. Nxb7 Nxb7 43. Bxb7 Nxb6 44. Bc6 Kf6 45. d7 Ke7 46. b3 h4 47. Kg1 Nxd7 48. Bxd7 Kxd7 49. Kf2 f5 50. Ke3 g5 51. Kd4 Kd6 52. b4 g4 53. Ke3 Kc6 54. Kf4 gxh3 55. gxh3 Kb5 56. Kxf5 Kxb4 57. Kg4 Kc5 58. Kxh4 Kd6 1/2-1/2

[Event "Chervonograd IM-B"]
[Site "Chervonograd"]
[Date "2008.11.05"]
[Round "7"]
[White "Meleshko, Vladimir"]
[Black "Luzhinsky, Vitaly"]
[Result "1/2-1/2"]
[WhiteElo "2151"]
[BlackElo "2329"]
[PlyCount "158"]
[EventDate "2008.11.01"]
[EventType "tourn"]
[EventRounds "15"]
[EventCountry "UKR"]
[EventCategory "3"]
[SourceTitle "EXT 2009"]
[Source "ChessBase"]
[SourceDate "2008.11.26"]
[SourceVersion "1"]
[SourceVersionDate "2008.11.26"]
[SourceQuality "1"]

1. e4 c5 2. Nf3 d6 3. d4 cxd4 4. Nxd4 Nf6 5. Nc3 g6 6. Be3 Bg7 7. f3 0-0 8. Qd2 Nc6 9. Bc4 Bd7 10. 0-0-0 Rc8 11. Bb3 Ne5 12. h4 h5 13. Bg5 Rc5 14. f4 Neg4 15. Rhe1 Qc8 16. f5 gxf5 17. Nxf5 Bxf5 18. exf5 Re5 19. Rxe5 dxe5 20. Nd5 Re8 21. Ba4 Kh7 22. Bxe8 Qxe8 23. Kb1 Qb5 24. Nxf6+ exf6 25. Be3 e4 26. Bxa7 Qxf5 27. Qd7 Qg6 28. Qxb7 f5 29. a4 f4 30. a5 e3 31. a6 Nf2 32. Rc1 Ne4 33. Bxe3 fxe3 34. a7 Nd2+ 35. Ka1 e2 36. a8Q Qxc2 37. Rxc2 e1Q+ 38. Ka2 Qb1+ 39. Ka3 Qxc2 40. b3 Qb2+ 41. Ka4 Qa2+ 42. Kb5 Qxb3+ 43. Kc6 Qc4+ 44. Kb6 Bd4+ 45. Ka5 Nb3+ 46. Qxb3 Bc3+ 47. Qxc3 Qxc3+ 48. Kb5 Qe5+ 49. Kc4 Qf4+ 50. Kd3 Qxh4 51. Ke2 Qf6 52. Qe4+ Kh6 53. Qa8 Kg5 54. Qg8+ Kh4 55. Qb8 Qf5 56. Qh2+ Kg5 57. Qb8 f6 58. Qb7 Kh4 59. Qb3 Qf4 60. Qh3+ Kg5 61. Qb3 f5 62. g3 Qe4+ 63. Kf2 Qg4 64. Qg8+ Kf6 65. Qf8+ Ke5 66. Qe7+ Kd5 67. Qd7+ Ke4 68. Qa4+ Ke5 69. Qb5+ Kf6 70. Qc6+ Kg5 71. Qc1+ Kg6 72. Qc6+ Kh7 73. Qd7+ Kh6 74. Qd6+ Qg6 75. Qxg6+ Kxg6 76. Ke3 Kg5 77. Kf3 h4 78. gxh4+ Kxh4 79. Kf4 Kh3 1/2-1/2

[Event "Rodatychi op"]
[Site "Rodatychi"]
[Date "2006.08.30"]
[Round "6"]
[White "Luzhinsky, Vitaly"]
[Black "Meleshko, Vladimir"]
[Result "1-0"]
[WhiteElo "2259"]
[BlackElo "2138"]
[PlyCount "93"]
[EventDate "2006.08.27"]
[EventType "swiss"]
[EventRounds "9"]
[EventCountry "UKR"]
[SourceTitle "EXT 2008"]
[Source "ChessBase"]
[SourceDate "2007.11.25"]
[SourceVersion "1"]
[SourceVersionDate "2007.11.25"]
[SourceQuality "1"]

1. d4 Nf6 2. c4 c5 3. d5 b5 4. Nf3 d6 5. cxb5 a6 6. b6 Nbd7 7. Nc3 g6 8. e4 Bg7 9. a4 a5 10. Bb5 0-0 11. 0-0 Nxb6 12. Bf4 Bb7 13. Qd2 Ne8 14. Rfe1 Nc7 15. Bf1 Na6 16. Bh6 Nb4 17. Bxg7 Kxg7 18. Rad1 f6 19. Nh4 Bc8 20. f4 Bd7 21. Re3 Nxa4 22. Rde1 Nxc3 23. bxc3 Na6 24. e5 Nc7 25. Rg3 f5 26. c4 dxe5 27. fxe5 e6 28. Rh3 f4 29. d6 Na6 30. Bd3 Nb4 31. Be4 Bc6 32. Bxc6 Nxc6 33. Nf3 g5 34. Nxg5 Qxg5 35. Rg3 Qg6 36. Rxg6+ hxg6 37. Rb1 Rf7 38. d7 Nd4 39. Rb7 a4 40. Ra7 Rd8 41. Qa2 Nc6 42. Rc7 Nxe5 43. Qa1 Rf5 44. Rxc5 Kf6 45. Rc7 Ke7 46. Qa3+ Kf7 47. Qxa4 1-0

[Event "Rodatychi op"]
[Site "Rodatychi"]
[Date "2006.08.29"]
[Round "4"]
[White "Luzhinsky, Vitaly"]
[Black "Aliavdin, Nikolai"]
[Result "1/2-1/2"]
[WhiteElo "2259"]
[BlackElo "2368"]
[PlyCount "83"]
[EventDate "2006.08.27"]
[EventType "swiss"]
[EventRounds "9"]
[EventCountry "UKR"]
[SourceTitle "EXT 2008"]
[Source "ChessBase"]
[SourceDate "2007.11.25"]
[SourceVersion "1"]
[SourceVersionDate "2007.11.25"]
[SourceQuality "1"]

1. Nf3 Nf6 2. c4 g6 3. Nc3 Bg7 4. e4 d6 5. d4 0-0 6. h3 e5 7. d5 a5 8. Bg5 Qe8 9. g4 Na6 10. Be2 Nd7 11. Nd2 Ndc5 12. Nb3 f5 13. Nxc5 Nxc5 14. Be3 b6 15. f3 Qe7 16. Qd2 fxe4 17. Nxe4 Nxe4 18. fxe4 Qh4+ 19. Kd1 Bd7 20. Bg5 Qf2 21. Qe3 Qxe3 22. Bxe3 Bf6 23. h4 Kg7 24. Kd2 h6 25. g5 hxg5 26. hxg5 Be7 27. Rh6 Rh8 28. Rah1 Rxh6 29. Rxh6 Rf8 30. Rh4 Ra8 31. Kc3 Rb8 32. b3 Rf8 33. a3 Ra8 34. Rh1 Rf8 35. Kb2 Ra8 36. b4 axb4 37. axb4 Ra7 38. Rg1 Ra8 39. Rh1 Ra7 40. Rg1 Ra8 41. Rh1 Ra7 42. Rg1 1/2-1/2

[Event "Rodatychi op"]
[Site "Rodatychi"]
[Date "2006.08.29"]
[Round "5"]
[White "Zherebukh, Yaroslav"]
[Black "Luzhinsky, Vitaly"]
[Result "1-0"]
[WhiteElo "2371"]
[BlackElo "2259"]
[PlyCount "43"]
[EventDate "2006.08.27"]
[EventType "swiss"]
[EventRounds "9"]
[EventCountry "UKR"]
[SourceTitle "EXT 2008"]
[Source "ChessBase"]
[SourceDate "2007.11.25"]
[SourceVersion "1"]
[SourceVersionDate "2007.11.25"]
[SourceQuality "1"]

1. e4 e6 2. d4 d5 3. Nc3 dxe4 4. Nxe4 Nf6 5. Bg5 Be7 6. Bxf6 gxf6 7. Nf3 a6 8. a4 f5 9. Ng3 c5 10. Bc4 Nd7 11. 0-0 Nf6 12. Qe2 h5 13. Rfe1 h4 14. Nxf5 exf5 15. Ng5 Rf8 16. dxc5 Qc7 17. b4 h3 18. Ra3 f4 19. Rd3 Ng4 20. Rd6 f6 21. b5 f3 22. Qd3 1-0

[Event "Rodatychi op"]
[Site "Rodatychi"]
[Date "2006.08.28"]
[Round "3"]
[White "Gorbatov, Alexej"]
[Black "Luzhinsky, Vitaly"]
[Result "1/2-1/2"]
[WhiteElo "2387"]
[BlackElo "2259"]
[PlyCount "60"]
[EventDate "2006.08.27"]
[EventType "swiss"]
[EventRounds "9"]
[EventCountry "UKR"]
[SourceTitle "EXT 2008"]
[Source "ChessBase"]
[SourceDate "2007.11.25"]
[SourceVersion "1"]
[SourceVersionDate "2007.11.25"]
[SourceQuality "1"]

1. c4 Nf6 2. g3 c5 3. Bg2 Nc6 4. Nc3 g6 5. e3 Bg7 6. Nge2 d6 7. d4 cxd4 8. exd4 0-0 9. 0-0 Bd7 10. h3 a6 11. Be3 Rb8 12. Rc1 b5 13. c5 dxc5 14. dxc5 Qc8 15. Nf4 Rd8 16. Qf3 Ne5 17. Qe2 Bc6 18. Rfd1 Qb7 19. Rxd8+ Rxd8 20. Rd1 Re8 21. Bxc6 Qxc6 22. Nfd5 Nxd5 23. Nxd5 e6 24. Nb4 Qe4 25. Nxa6 Nf3+ 26. Kf1 Nh2+ 27. Kg1 Nf3+ 28. Kf1 Nh2+ 29. Kg1 Nf3+ 30. Kf1 Nh2+ 1/2-1/2

[Event "UKR-ch sf"]
[Site "Alushta"]
[Date "2006.05.21"]
[Round "9"]
[White "Luzhinsky, Vitaly"]
[Black "Shulga, Jury"]
[Result "1/2-1/2"]
[WhiteElo "2231"]
[BlackElo "2293"]
[PlyCount "126"]
[EventDate "2006.05.13"]
[EventType "swiss"]
[EventRounds "9"]
[EventCountry "UKR"]
[SourceTitle "CBM 112 Extra"]
[Source "ChessBase"]
[SourceDate "2006.07.14"]
[SourceVersion "1"]
[SourceVersionDate "2006.07.14"]
[SourceQuality "1"]

1. Nf3 c5 2. c4 Nc6 3. Nc3 g6 4. g3 Bg7 5. Bg2 e6 6. 0-0 Nge7 7. d4 Nxd4 8. Nxd4 cxd4 9. Nb5 0-0 10. Nxd4 d5 11. c5 Qa5 12. Nb3 Qa4 13. Bg5 Nc6 14. Qc2 h6 15. Bd2 Rd8 16. e3 e5 17. Nd4 Qxc2 18. Nxc2 b6 19. cxb6 axb6 20. Nb4 Nxb4 21. Bxb4 Ra4 22. a3 e4 23. b3 Rxb4 24. axb4 Bxa1 25. Rxa1 Be6 26. Ra6 Rd6 27. h4 Kg7 28. b5 Kf6 29. Kf1 Ke5 30. Ke1 f5 31. Bf1 d4 32. exd4+ Kxd4 33. Ra4+ Kc5 34. b4+ Kd4 35. Ra7 Kc3 36. Rh7 h5 37. Rc7+ Kxb4 38. Rc6 Rxc6 39. bxc6 Kc5 40. c7 Bc8 41. Kd2 f4 42. gxf4 Kd6 43. f3 e3+ 44. Kxe3 Kxc7 45. Kd4 Kd6 46. Bb5 Bd7 47. Bc4 Bf5 48. Bb5 Be6 49. Bd3 Bf5 50. Bb5 Ke6 51. Ba6 Kf6 52. Bb7 Be6 53. Be4 Bf7 54. Kc3 Ke6 55. Kd4 Be8 56. Bd3 Kf6 57. Be4 Bf7 58. Bd3 Be6 59. Be4 Bd7 60. Kd5 Bb5 61. Kd4 Bf1 62. Kc3 Be2 63. Kd4 Bd1 1/2-1/2